| 000 | 00519nam a22001937a 4500 | ||
|---|---|---|---|
| 003 | CEME | ||
| 005 | 20210628203515.0 | ||
| 008 | 210126b xxu||||| |||| 00| 0 eng d | ||
| 020 | _a81-203-2124-3 | ||
| 040 | _c. | ||
| 082 | _a658 REN | ||
| 100 |
_aRender, Barry:Stair, Palph.M _965888 |
||
| 245 | _aQuantitative analysis for management | ||
| 250 | _a7TH | ||
| 260 |
_aNEW DELHI _bPRENTICE HALL OF INDIA _c2002 |
||
| 300 | _aXXIV,766P | ||
| 650 |
_aQUANTITATIVE ANALYSIS FOR MANAGEMENT _965889 |
||
| 942 |
_cBK _2ddc |
||
| 999 |
_c573970 _d573970 |
||